000
00292nam a22001217a 4500
020
_a
9780123740854
082
_a
664
_b
SUN/MO
245
_a
Modern Techniques for Food Authentication
260
_a
New Delhi
_b
Academic Press
_c
2008
300
_a
689
700
_a
Sun, Da-Wen
_9
405
942
_c
REF
999
_c
14291
_d
14291